000 00753nam a22002417a 4500
001 87935
003 UA-OsUOA
005 20191217153853.0
007 ta
008 20120926b un ||||| |||| 00| 0 ukr d
040 _aUA-OsUOA
_bukr
_cUA-OsUOA
_dUA-OsUOA
041 _aukr
080 _a94 (477)
090 _a94 (477)
_bМ 69
100 _aМихайлина П.В.
245 _aВизвольна боротьба трудового населення міст України (1569-1654)
260 _aК.
_bНаукова думка
_c1975
300 _a257 с.
650 7 _a9 Географія. Біографії. Історія
_2UDC
942 _cBK
_2udc
955 _a4
999 _c374907
_d374907